| 000 | 00988nam a2200253Ia 4500 | ||
|---|---|---|---|
| 003 | GCL | ||
| 005 | 20240530110923.0 | ||
| 008 | 140319s9999 xx 000 0 ara d | ||
| 040 |
_aGCL / _cGCL |
||
| 082 | 0 | 4 |
_b922.1 _bم/س ص |
| 100 | 1 | _aابن سعد : ابو عبدالله محمد بن سعد بن منيع البصرى | |
| 245 | 1 | 0 |
_aالطبقات الكبرى / _cابن سعد : ابو عبدالله محمد بن سعد بن منيع البصرى |
| 260 |
_aبيروت : _bدار الكتب العلمية ، _c1991 |
||
| 300 |
_a9 جزء ؛ _c24 سم |
||
| 650 | 0 | 4 | _aالتاريخ الاسلامى |
| 650 | 0 | 4 | _aالتراجم |
| 650 | 0 | 4 | _aالعلماء المسلمون |
| 650 | 0 | 4 | _aالتاريخ الاسلامى - تراجم |
| 700 | 0 |
_aاحمد شمس الدين _eمعد |
|
| 700 | 0 |
_aمحمد عبدالقادر عطا _eمحقق |
|
| 700 | 0 |
_aابراهيم شمس الدين _eمعد |
|
| 700 | 0 |
_aيحيى مقلد _eمعد |
|
| 942 |
_2ddc _cBK |
||
| 999 |
_c66515 _d66515 |
||